[Event "Quebec-ch classe"]
[Site "Beloeil CAN"]
[Date "1998.10.13"]
[Round "5"]
[White "Sikharulidze, Giorgi"]
[Black "Duong, Thanh Nha"]
[Result "0-1"]
[WhiteElo "2393"]
[BlackElo "2424"]
[PlyCount "74"]
[EventDate "1998.10.11"]
[EventType "swiss"]
[EventRounds "5"]
[EventCountry "CAN"]

1. Nf3 Nf6 2. c4 g6 3. b3 Bg7 4. Bb2 O-O 5. g3 d6 6. d4 Ne4 7. Bg2 f5 8. O-O
Qe8 9. Nbd2 c6 10. Qc2 Nxd2 11. Qxd2 Nd7 12. e4 fxe4 13. Ng5 Nf6 14. Nxe4 Nxe4
15. Bxe4 Qf7 16. Bg2 Bg4 17. Rae1 Rae8 18. f4 Qf5 19. Re3 Bh3 20. Bxh3 Qxh3 21.
Rfe1 Rf7 22. Re6 g5 23. d5 Bxb2 24. Qxb2 gxf4 25. Qg2 Qh5 26. c5 Ref8 27. g4
Qh4 28. Qf2 Qxg4+ 29. Kh1 Qf5 30. Rg1+ Kh8 31. Qd4+ Rf6 32. Rxe7 dxc5 33. Qxc5
f3 34. Rgg7 f2 35. Qxf2 Qxd5+ 36. Kg1 Qd1+ 37. Qe1 Qxe1+ 0-1

[Event "Quebec-ch"]
[Site "Montreal CAN"]
[Date "1998.06.04"]
[Round "1"]
[White "Duong, Thanh Nha"]
[Black "Linskiy, Oleg"]
[Result "1/2-1/2"]
[WhiteElo "2337"]
[BlackElo "2388"]
[PlyCount "85"]
[EventDate "1998.06.04"]
[EventType "tourn"]
[EventRounds "9"]
[EventCountry "CAN"]

1. Nf3 d5 2. d4 Bf5 3. Bf4 e6 4. e3 Nf6 5. Bd3 Bg6 6. O-O Bd6 7. Ne5 O-O 8. c4
Bxd3 9. Qxd3 dxc4 10. Qxc4 Nh5 11. Bg3 Nxg3 12. hxg3 Bxe5 13. dxe5 Nc6 14. f4
Qd7 15. Nc3 Qd2 16. Qc5 Rad8 17. Rf2 Qd3 18. g4 Qa6 19. a3 Rd3 20. Re1 Rfd8 21.
Ne4 Qa4 22. Ng5 Rd1 23. Rfe2 R8d5 24. Qc3 h6 25. Nf3 R5d3 26. Qc5 Qb3 27. Kf2
a5 28. Rxd1 Qxd1 29. Qc2 Qxc2 30. Rxc2 Kf8 31. Ke2 Rb3 32. Nd2 Rb5 33. Ne4 Ke7
34. Nc5 b6 35. Ne4 Kd7 36. Rd2+ Kc8 37. Nc3 Rc5 38. Kd1 b5 39. Ke2 b4 40. Ne4
Rc4 41. Rd1 Rc2+ 42. Rd2 Rc1 43. Rd1 1/2-1/2

[Event "Quebec-ch"]
[Site "Montreal CAN"]
[Date "1998.06.05"]
[Round "2"]
[White "Hua, Lefong"]
[Black "Duong, Thanh Nha"]
[Result "1/2-1/2"]
[WhiteElo "2231"]
[BlackElo "2337"]
[PlyCount "161"]
[EventDate "1998.06.04"]
[EventType "tourn"]
[EventRounds "9"]
[EventCountry "CAN"]

1. c4 e5 2. g3 Nf6 3. Bg2 c6 4. d4 exd4 5. Qxd4 d5 6. Bg5 dxc4 7. Qxc4 Be6 8.
Qc2 Na6 9. Bxc6+ bxc6 10. Qxc6+ Bd7 11. Qxa6 Bb4+ 12. Nc3 Rc8 13. Bxf6 gxf6 14.
Qd3 Qa5 15. Rc1 Bf5 16. Qe3+ Kf8 17. Nf3 Kg7 18. O-O Rhe8 19. Qf4 Bh3 20. Ne4
Be7 21. Rxc8 Rxc8 22. Rd1 Qxa2 23. Nd4 Qa4 24. Nc3 Qd7 25. e4 Qb7 26. Nd5 Be6
27. Ne3 Kh8 28. Ndf5 Bf8 29. Nd6 Bxd6 30. Qxf6+ Kg8 31. Rxd6 Qxe4 32. Rd8+ Rxd8
33. Qxd8+ Kg7 34. Qg5+ Kh8 35. Qf6+ Kg8 36. h4 Kf8 37. Qd8+ Kg7 38. Qg5+ Kf8
39. Qc5+ Kg7 40. Qc3+ Kf8 41. h5 Ke8 42. b4 a6 43. Qc5 Kd7 44. Qa7+ Ke8 45.
Qxa6 Qb1+ 46. Qf1 Qxb4 47. Qd3 h6 48. Qh7 Qf8 49. Ng2 Bd5 50. Nf4 Bc6 51. Ng2
Qd6 52. Ne3 Qf6 53. Qf5 Qa1+ 54. Nf1 Ke7 55. Qc5+ Kd7 56. Qf5+ Ke7 57. Qf4 Qb1
58. Qc7+ Bd7 59. Qe5+ Kf8 60. Qh8+ Ke7 61. Qe5+ Kf8 62. Qd6+ Ke8 63. f3 Bh3 64.
Qc6+ Kf8 65. Qc5+ Kg8 66. Qf2 Qd1 67. f4 Bf5 68. Qd2 Qxh5 69. Qd8+ Kh7 70. Qe7
Be6 71. Qa3 Qd5 72. Qc3 Qd1 73. Qd2 Qb1 74. Kf2 Bf5 75. Qe1 Qb7 76. Nd2 Qd5 77.
Qe3 Qa2 78. Qe2 Qa8 79. Qf3 Qd8 80. Qe3 Qa8 81. Qf3 1/2-1/2

[Event "Quebec-ch"]
[Site "Montreal CAN"]
[Date "1998.06.06"]
[Round "3"]
[White "Duong, Thanh Nha"]
[Black "Goldenberg, Danny"]
[Result "1-0"]
[WhiteElo "2337"]
[BlackElo "2263"]
[PlyCount "65"]
[EventDate "1998.06.04"]
[EventType "tourn"]
[EventRounds "9"]
[EventCountry "CAN"]

1. d4 Nf6 2. c4 c5 3. d5 b5 4. Nf3 g6 5. cxb5 a6 6. Nc3 axb5 7. d6 Bg7 8. dxe7
Qxe7 9. Bf4 Ne4 10. Nd5 Qf8 11. Nc7+ Kd8 12. Nxa8 Bxb2 13. Rb1 Bc3+ 14. Bd2
Nxd2 15. Nxd2 Qd6 16. Rxb5 Qd4 17. Rb1 Na6 18. e3 Qe4 19. Rc1 Bxd2+ 20. Qxd2
Qxa8 21. Qa5+ Ke7 22. Bxa6 Bxa6 23. Qxc5+ d6 24. Qc7+ Ke6 25. Rc6 Rd8 26. Rxa6
Qxa6 27. Qxd8 Qc4 28. Qe8+ Kf6 29. Qh8+ Kf5 30. Qa1 g5 31. Qb1+ Kf6 32. Qb2+
Kg6 33. f3 1-0

[Event "Quebec-ch"]
[Site "Montreal CAN"]
[Date "1998.06.08"]
[Round "5"]
[White "Fillion, Steve"]
[Black "Duong, Thanh Nha"]
[Result "0-1"]
[WhiteElo "2119"]
[BlackElo "2337"]
[PlyCount "62"]
[EventDate "1998.06.04"]
[EventType "tourn"]
[EventRounds "9"]
[EventCountry "CAN"]

1. d4 f5 2. Nf3 Nf6 3. Bg5 e6 4. c3 b6 5. Nbd2 Bb7 6. e3 Be7 7. Bd3 Ne4 8. Bxe7
Qxe7 9. Qc2 Nxd2 10. Qxd2 O-O 11. O-O-O c5 12. Qe2 d5 13. Ne5 Nc6 14. Nxc6 Bxc6
15. f4 c4 16. Bc2 b5 17. Kb1 Rab8 18. Ka1 b4 19. Rb1 b3 20. axb3 cxb3 21. Bd3
Qc7 22. Rbe1 Qa5+ 23. Kb1 Bb5 24. Qd2 Qa6 25. Rd1 Rfc8 26. Kc1 Bxd3 27. Qxd3
Qa1+ 28. Qb1 Rxc3+ 29. Kd2 Qxb1 30. Rxb1 Rc2+ 31. Kd3 Rbc8 0-1

[Event "Quebec-ch"]
[Site "Montreal CAN"]
[Date "1998.06.11"]
[Round "7"]
[White "Leveille, Francois"]
[Black "Duong, Thanh Nha"]
[Result "0-1"]
[WhiteElo "2330"]
[BlackElo "2337"]
[PlyCount "60"]
[EventDate "1998.06.04"]
[EventType "tourn"]
[EventRounds "9"]
[EventCountry "CAN"]

1. e4 e5 2. Nf3 Nc6 3. Nc3 Nf6 4. Bb5 Nd4 5. Ba4 Bc5 6. Nxe5 Qe7 7. Nd3 Nxe4 8.
O-O f5 9. Nxe4 fxe4 10. Qh5+ g6 11. Qxc5 Ne2+ 12. Kh1 exd3 13. Qc4 b5 14. Bxb5
Bb7 15. f3 a6 16. Qxc7 axb5 17. Qxb7 Ra4 18. b4 Qf6 19. Bb2 Qxb2 20. Qxb5 Rxb4
21. Qxd3 Nf4 22. Qe3+ Ne6 23. c3 Rb7 24. d4 O-O 25. g3 Rc7 26. Rac1 Qxa2 27.
Qe5 Rf5 28. Qd6 Qd5 29. Qe7 Rc8 30. Kg2 Rcf8 0-1

[Event "Quebec-ch"]
[Site "Montreal CAN"]
[Date "1998.06.12"]
[Round "8"]
[White "Duong, Thanh Nha"]
[Black "Tremblay, Sylvain"]
[Result "1-0"]
[WhiteElo "2337"]
[BlackElo "2154"]
[PlyCount "119"]
[EventDate "1998.06.04"]
[EventType "tourn"]
[EventRounds "9"]
[EventCountry "CAN"]

1. c4 Nf6 2. Nc3 g6 3. d4 Bg7 4. e4 d6 5. Be2 O-O 6. Bg5 c5 7. d5 e6 8. Nf3 h6
9. Bh4 exd5 10. exd5 Re8 11. O-O Nbd7 12. Bd3 Ne5 13. Nxe5 dxe5 14. Re1 Qb6 15.
Rb1 Bd7 16. f3 Nh5 17. Bf2 Qc7 18. Bc2 Nf4 19. Be3 f5 20. Ba4 Bxa4 21. Qxa4 Nd3
22. Re2 e4 23. fxe4 fxe4 24. Qc2 Qe5 25. Nd1 Qh5 26. Nf2 Be5 27. h3 Qh4 28. Ng4
Bg7 29. Bf2 Qe7 30. Bg3 h5 31. Nf2 Bd4 32. Kh1 Bxf2 33. Bxf2 Qg5 34. Bg1 Qf5
35. Re3 Rad8 36. Qe2 b5 37. Rf1 Qe5 38. b3 bxc4 39. bxc4 Rd7 40. Bh2 Qd4 41. d6
Rb7 42. Rg3 Kh7 43. Rg5 Qxc4 44. Rxh5+ Kg8 45. Rg5 Qe6 46. h4 Rg7 47. h5 Rf8
48. Rxf8+ Kxf8 49. hxg6 Qf6 50. Qh5 Kg8 51. Be5 Nxe5 52. Rxe5 Qf1+ 53. Kh2 Qf4+
54. Kh3 Qf8 55. Rxe4 Qc8+ 56. Kh2 Qc6 57. Re6 Qd7 58. Qe5 Kf8 59. Rf6+ Kg8 60.
Qd5+ 1-0

[Event "Toronto int."]
[Site "Toronto CAN"]
[Date "1998.05.14"]
[Round "1"]
[White "Ziatdinov, Raset"]
[Black "Duong, Thanh Nha"]
[Result "1-0"]
[WhiteElo "2515"]
[BlackElo "2300"]
[PlyCount "49"]
[EventDate "1998.05.14"]
[EventType "swiss"]
[EventRounds "9"]
[EventCountry "CAN"]
[Source "ChessBase"]
[SourceDate "1998.09.09"]

1. e4 c6 2. d4 d5 3. Nc3 dxe4 4. Nxe4 Nf6 5. Nxf6+ gxf6 6. Ne2 h5 7. Be3 Bf5 8.
c4 e6 9. Nc3 Nd7 10. Bd3 Qa5 11. Bxf5 Qxf5 12. Qb3 O-O-O 13. O-O-O Kb8 14. Rd2
Rg8 15. g3 Rc8 16. h4 Rg4 17. Rhd1 Nb6 18. Na4 Nxa4 19. Qxa4 a6 20. Rd3 Bd6 21.
Rb3 Ka8 22. Rdd3 Bb8 23. Rxb7 a5 24. Rdb3 Bxg3 25. d5 1-0

[Event "Toronto int."]
[Site "Toronto CAN"]
[Date "1998.05.15"]
[Round "2"]
[White "Duong, Thanh Nha"]
[Black "Day, Lawrence"]
[Result "1-0"]
[WhiteElo "2300"]
[BlackElo "2385"]
[PlyCount "149"]
[EventDate "1998.05.14"]
[EventType "swiss"]
[EventRounds "9"]
[EventCountry "CAN"]
[Source "ChessBase"]
[SourceDate "1998.09.09"]

1. d4 Nc6 2. Nf3 d5 3. e3 Bg4 4. Be2 e6 5. c4 Nf6 6. Nc3 Bb4 7. O-O dxc4 8.
Bxc4 O-O 9. h3 Bh5 10. Be2 a6 11. Bd2 Re8 12. a3 Bd6 13. Rc1 Bg6 14. Nh4 Ne7
15. Nxg6 Nxg6 16. e4 e5 17. d5 h6 18. Be3 Qe7 19. g3 Rec8 20. Bg4 Rcb8 21. Qd3
Nf8 22. Rc2 N8d7 23. Bxd7 Nxd7 24. Rfc1 Kh7 25. Na4 b6 26. Kh2 Rf8 27. b4 a5
28. Nb2 axb4 29. axb4 Ra2 30. Nd1 Ra4 31. b5 Nc5 32. Bxc5 Bxc5 33. Nc3 Rd4 34.
Qf3 g6 35. Ne2 Rb4 36. Nc3 f5 37. Qe2 f4 38. g4 f3 39. Qd3 Rd4 40. Qf1 Qg5 41.
Qg1 Rd2 42. Rxd2 Qxd2 43. Qe1 Qxe1 44. Rxe1 Bxf2 45. Rf1 Bh4 46. Nb1 f2 47. Kg2
h5 48. Nd2 hxg4 49. hxg4 Rf4 50. Kh3 Be7 51. Kg3 Kg7 52. Nf3 Bc5 53. Ng5 Kf6
54. Ne6 Rxe4 55. g5+ Ke7 56. Nxc5 bxc5 57. Rxf2 Kd6 58. Rf6+ Kxd5 59. Rxg6 Re1
60. Rc6 Rg1+ 61. Kh4 Rh1+ 62. Kg4 Rh7 63. g6 Rd7 64. Kf5 e4 65. Re6 c4 66. Rxe4
c3 67. Re1 Kc4 68. Ke6 Rd6+ 69. Kf7 Rd7+ 70. Kf8 Rd8+ 71. Ke7 Rd2 72. Rg1 Re2+
73. Kd7 Rh2 74. g7 Rh7 75. Kc6 1-0

[Event "Toronto int."]
[Site "Toronto CAN"]
[Date "1998.05.15"]
[Round "3"]
[White "Teodoro, Eduardo"]
[Black "Duong, Thanh Nha"]
[Result "1-0"]
[WhiteElo "2365"]
[BlackElo "2300"]
[PlyCount "78"]
[EventDate "1998.05.14"]
[EventType "swiss"]
[EventRounds "9"]
[EventCountry "CAN"]
[Source "ChessBase"]
[SourceDate "1998.09.09"]

1. e4 e5 2. Nf3 Nc6 3. Bb5 a6 4. Ba4 Nf6 5. O-O Be7 6. Re1 b5 7. Bb3 O-O 8. c3
d5 9. exd5 Nxd5 10. Nxe5 Nxe5 11. Rxe5 c6 12. Bxd5 cxd5 13. d4 Bd6 14. Re3 Qc7
15. h3 Bf5 16. Nd2 Rae8 17. Nf1 Qd7 18. a4 Re6 19. axb5 axb5 20. Qe2 Rg6 21.
Kh1 Be4 22. f3 Bf5 23. Ra6 Bxh3 24. Rxd6 Bxg2+ 25. Qxg2 Qxd6 26. Qe2 Qd7 27.
Bd2 Qh3+ 28. Nh2 Qg3 29. Qf1 Ra8 30. f4 Qh4 31. Be1 Qd8 32. f5 Rb6 33. Qe2 f6
34. Ng4 Rbb8 35. Bg3 Rb7 36. Re6 Qf8 37. Qg2 h5 38. Bd6 Ra1+ 39. Kh2 Qd8 1-0

[Event "Toronto int."]
[Site "Toronto CAN"]
[Date "1998.05.16"]
[Round "4"]
[White "Duong, Thanh Nha"]
[Black "Southam, David"]
[Result "1-0"]
[WhiteElo "2300"]
[BlackElo "2155"]
[PlyCount "97"]
[EventDate "1998.05.14"]
[EventType "swiss"]
[EventRounds "9"]
[EventCountry "CAN"]
[Source "ChessBase"]
[SourceDate "1998.09.09"]

1. c4 g6 2. g3 Bg7 3. Bg2 d6 4. Nc3 e5 5. e4 Ne7 6. Nge2 Nbc6 7. d3 Be6 8. Nd5
O-O 9. O-O Qd7 10. Bh6 f5 11. Bxg7 Kxg7 12. d4 fxe4 13. Nxe7 Nxe7 14. dxe5 dxe5
15. Qxd7 Bxd7 16. Bxe4 Bc6 17. Nc3 Rad8 18. Bxc6 Nxc6 19. Nd5 Rd7 20. Kg2 Nd4
21. Rad1 c6 22. Ne3 Rdf7 23. c5 Ne6 24. b4 Ng5 25. Nc4 Ne4 26. f3 Nc3 27. Rd3
Nd5 28. Nd6 e4 29. Nxe4 Nxb4 30. Rb3 Nd5 31. Rc1 Re7 32. Ra3 a6 33. Rb3 Nf6 34.
Nd6 Re2+ 35. Kh3 Rxa2 36. Rxb7+ Kg8 37. Rc7 Nd5 38. Rxc6 Rxf3 39. Rb1 Rff2 40.
Rc8+ Kg7 41. Rb7+ Kh6 42. Nf7+ Kg7 43. Ne5+ Ne7 44. Rxe7+ Kf6 45. Rce8 Rxh2+
46. Kg4 Ra4+ 47. Kf3 Ra3+ 48. Ke4 Ra4+ 49. Kd5 1-0

[Event "Toronto int."]
[Site "Toronto CAN"]
[Date "1998.05.16"]
[Round "5"]
[White "Duong, Thanh Nha"]
[Black "Friedman, Aviv"]
[Result "0-1"]
[WhiteElo "2300"]
[BlackElo "2360"]
[PlyCount "72"]
[EventDate "1998.05.14"]
[EventType "swiss"]
[EventRounds "9"]
[EventCountry "CAN"]
[Source "ChessBase"]
[SourceDate "1998.09.09"]

1. d4 e6 2. c4 Bb4+ 3. Nc3 f5 4. Qc2 Nf6 5. a3 Bxc3+ 6. Qxc3 O-O 7. Nf3 b6 8.
g3 Bb7 9. Bg2 a5 10. b3 Qe8 11. O-O d6 12. Bb2 Nbd7 13. b4 Qh5 14. h3 Ne4 15.
Qd3 Rf6 16. d5 e5 17. g4 fxg4 18. hxg4 Qg6 19. Nxe5 Nxe5 20. Bxe5 dxe5 21. Qxe4
Qg5 22. e3 Qh4 23. Qxe5 Qxg4 24. Qe4 Qh5 25. f4 Re8 26. Qf3 Qh4 27. Rae1 axb4
28. axb4 Bc8 29. Qf2 Qh6 30. e4 Bh3 31. f5 Qg5 32. Re3 Rxf5 33. exf5 Rxe3 34.
Kh2 Bxg2 35. Qxg2 Qh4+ 36. Kg1 Rg3 0-1

[Event "Toronto int."]
[Site "Toronto CAN"]
[Date "1998.05.17"]
[Round "6"]
[White "Gandolfi, Fred"]
[Black "Duong, Thanh Nha"]
[Result "0-1"]
[WhiteElo "2210"]
[BlackElo "2300"]
[PlyCount "92"]
[EventDate "1998.05.14"]
[EventType "swiss"]
[EventRounds "9"]
[EventCountry "CAN"]
[Source "ChessBase"]
[SourceDate "1998.09.09"]

1. d4 f5 2. c4 Nf6 3. Nc3 e6 4. Bg5 h6 5. Bxf6 Qxf6 6. Nf3 b6 7. e3 Bb7 8. Ne5
g6 9. f3 Bg7 10. Qd2 d6 11. Nd3 Na6 12. Be2 e5 13. d5 O-O 14. O-O h5 15. Rae1
Bh6 16. Bd1 Nc5 17. Nxc5 bxc5 18. Ba4 Ba6 19. b3 Rf7 20. Qd3 Raf8 21. e4 Kh8
22. Kh1 Qh4 23. g3 Qh3 24. Ne2 f4 25. Ng1 Qc8 26. Kg2 Qd8 27. Bc6 Bc8 28. Ba4
g5 29. b4 cxb4 30. Bd1 g4 31. a3 bxa3 32. Qxa3 Rg7 33. Qxa7 Rfg8 34. Qf2 gxf3+
35. Bxf3 fxg3 36. hxg3 Bf4 37. Ne2 Bxg3 38. Nxg3 Qh4 39. Rh1 Rxg3+ 40. Kf1 Bh3+
41. Ke2 Rf8 42. Qe3 Rfxf3 43. Qh6+ Kg8 44. Qe6+ Bxe6 45. Rxh4 Bg4 46. Rxg4+
hxg4 0-1

[Event "Toronto int."]
[Site "Toronto CAN"]
[Date "1998.05.17"]
[Round "7"]
[White "Duong, Thanh Nha"]
[Black "Taylor, Gordon"]
[Result "1/2-1/2"]
[WhiteElo "2300"]
[BlackElo "2325"]
[PlyCount "122"]
[EventDate "1998.05.14"]
[EventType "swiss"]
[EventRounds "9"]
[EventCountry "CAN"]
[Source "ChessBase"]
[SourceDate "1998.09.09"]

1. c4 c5 2. Nc3 Nf6 3. Nf3 d5 4. cxd5 Nxd5 5. d4 e6 6. e4 Nxc3 7. bxc3 cxd4 8.
cxd4 Bb4+ 9. Bd2 Bxd2+ 10. Qxd2 O-O 11. Bc4 Nc6 12. O-O b6 13. Rac1 Bb7 14. Rc3
Rc8 15. Rfc1 Na5 16. Bd3 Qd7 17. Qf4 Rxc3 18. Rxc3 Rc8 19. Rxc8+ Qxc8 20. h4 h6
21. Qd6 Nc6 22. Qa3 Qf8 23. Qc1 Qd6 24. Qe3 e5 25. d5 Nb4 26. Bb1 Na6 27. h5
Nc5 28. Qc3 f6 29. Nh4 Bc8 30. Qg3 Bd7 31. Qg6 Qe7 32. f4 Qe8 33. fxe5 Qxe5 34.
Nf3 Qe8 35. e5 Qxg6 36. Bxg6 fxe5 37. Nxe5 Kf8 38. Kf2 Ke7 39. Ke3 a6 40. Kd4
Bb5 41. Bf5 Kd6 42. Bg4 Bf1 43. Bf3 Bb5 44. Ng4 Bd3 45. Ne3 b5 46. Bg4 b4 47.
Bf5 Bb5 48. Bc2 Na4 49. Nf5+ Kd7 50. Bxa4 Bxa4 51. Kc4 a5 52. Nxg7 Bd1 53. Nf5
Bxh5 54. Nxh6 Bg6 55. Ng4 Bb1 56. Kc5 Bxa2 57. Ne5+ Kc8 58. Nc4 Bxc4 59. Kxc4
Kd7 60. g4 Kd6 61. g5 b3 1/2-1/2

[Event "Toronto int."]
[Site "Toronto CAN"]
[Date "1998.05.18"]
[Round "8"]
[White "Rajlich, Vasik"]
[Black "Duong, Thanh Nha"]
[Result "0-1"]
[WhiteElo "2265"]
[BlackElo "2300"]
[PlyCount "44"]
[EventDate "1998.05.14"]
[EventType "swiss"]
[EventRounds "9"]
[EventCountry "CAN"]
[Source "ChessBase"]
[SourceDate "1998.09.09"]

1. e4 e5 2. f4 exf4 3. Nf3 d6 4. d4 g5 5. h4 g4 6. Ng1 Bh6 7. Nc3 f5 8. Bd3
fxe4 9. Bxe4 Nf6 10. Nge2 Nxe4 11. Nxe4 Qe7 12. Qd3 O-O 13. Bd2 Bf5 14. Qb3+
Kh8 15. N4c3 Be4 16. Nxe4 Qxe4 17. d5 Nd7 18. Qb5 Nc5 19. Bc3+ Kg8 20. b4 a6
21. Qa5 f3 22. gxf3 Qxf3 0-1

[Event "Toronto int."]
[Site "Toronto CAN"]
[Date "1998.05.18"]
[Round "9"]
[White "Duong, Thanh Nha"]
[Black "Ochkoos, Jura"]
[Result "0-1"]
[WhiteElo "2300"]
[BlackElo "2270"]
[PlyCount "102"]
[EventDate "1998.05.14"]
[EventType "swiss"]
[EventRounds "9"]
[EventCountry "CAN"]
[Source "ChessBase"]
[SourceDate "1998.09.09"]

1. d4 d5 2. Nf3 c5 3. c4 e6 4. cxd5 exd5 5. Nc3 Nc6 6. Bg5 f6 7. Bf4 c4 8. e3
Bb4 9. Be2 Nge7 10. O-O O-O 11. Rc1 Be6 12. Na4 Bf7 13. b3 Ba3 14. Ra1 Qa5 15.
bxc4 dxc4 16. Nd2 b5 17. Nc5 a6 18. Nde4 Ra7 19. Bh5 Ng6 20. Nd6 Bd5 21. Bxg6
hxg6 22. Qg4 g5 23. Bg3 Qd8 24. Qf5 Ne7 25. Qc2 f5 26. Be5 Nc6 27. f4 gxf4 28.
Bxf4 g5 29. Bg3 f4 30. Ndb7 Qe8 31. exf4 Nxd4 32. Qd2 Ne2+ 33. Kf2 Nxf4 34.
Bxf4 Rxf4+ 35. Kg1 Bxb7 36. Nxb7 Rxf1+ 37. Rxf1 Rxb7 38. Qd5+ Rf7 39. Rxf7 Qxf7
40. Qxg5+ Kf8 41. Qd8+ Kg7 42. Qd4+ Qf6 43. Qg4+ Kf7 44. Qh5+ Ke7 45. Qh7+ Kd6
46. h4 Bc5+ 47. Kh2 Kc6 48. Qe4+ Kb6 49. Kh3 Qc6 50. Qe2 Qd5 51. Kh2 Qd3 0-1

[Event "Pere Noel"]
[Site "Montreal CAN"]
[Date "1997.12.28"]
[Round "3"]
[White "Larochelle, Martial"]
[Black "Duong, Thanh Nha"]
[Result "0-1"]
[WhiteElo "2033"]
[BlackElo "2323"]
[PlyCount "92"]
[EventDate "1997.12.26"]
[EventType "swiss"]
[EventRounds "5"]
[EventCountry "CAN"]

1. e4 e5 2. Nf3 Nc6 3. Bc4 Nf6 4. d4 exd4 5. e5 d5 6. Bb5 Ne4 7. Nxd4 Bd7 8.
Bxc6 bxc6 9. O-O Be7 10. f3 Nc5 11. f4 O-O 12. f5 Ne4 13. Nc3 c5 14. Nxe4 cxd4
15. f6 dxe4 16. fxe7 Qxe7 17. Qxd4 Bc6 18. Be3 a5 19. Qc3 Qe6 20. a4 Ra6 21. b3
Re8 22. Rf4 Qxe5 23. Qc4 Bd5 24. Qxa6 Qxa1+ 25. Rf1 Qc3 26. Qe2 Be6 27. Qf2 Rd8
28. h3 c5 29. Bxc5 Rd2 30. Qe3 Qxe3+ 31. Bxe3 Rxc2 32. Rc1 Rb2 33. Rc3 Kf8 34.
Bb6 Bxb3 35. Bxa5 Bxa4 36. Rc4 Bc2 37. Bb4+ Ke8 38. Bc3 Rb1+ 39. Kf2 Bd3 40.
Rc7 f5 41. Be5 g5 42. g3 Rb5 43. Bd6 Rd5 44. Re7+ Kd8 45. Bb4 Rb5 46. Bd6 f4
0-1

[Event "Pere Noel"]
[Site "Montreal CAN"]
[Date "1997.12.30"]
[Round "5"]
[White "Khassanov, Marat"]
[Black "Duong, Thanh Nha"]
[Result "1-0"]
[WhiteElo "2328"]
[BlackElo "2323"]
[PlyCount "54"]
[EventDate "1997.12.26"]
[EventType "swiss"]
[EventRounds "5"]
[EventCountry "CAN"]

1. e4 c5 2. Nf3 Nc6 3. Bb5 g6 4. O-O Bg7 5. Re1 e5 6. c3 Nge7 7. d3 O-O 8. Be3
d6 9. d4 cxd4 10. cxd4 Bg4 11. d5 Nd4 12. Bxd4 exd4 13. Nbd2 f5 14. h3 Bxf3 15.
Nxf3 Qb6 16. Bd7 h6 17. exf5 Nxf5 18. g4 Ne3 19. fxe3 dxe3 20. Qe2 Rxf3 21.
Qxf3 Rf8 22. Qe4 Qxb2 23. Rac1 Qf2+ 24. Kh1 Rf3 25. g5 Qg3 26. Rg1 Qf4 27. Qxg6
Rxh3+ 1-0

[Event "Ottawa op"]
[Site "Ottawa CAN"]
[Date "1997.09.27"]
[Round "2"]
[White "Duong, Thanh Nha"]
[Black "Teuton, Frank"]
[Result "1/2-1/2"]
[WhiteElo "2336"]
[BlackElo "2225"]
[PlyCount "114"]
[EventDate "1997.09.27"]
[EventType "swiss"]
[EventRounds "5"]
[EventCountry "CAN"]

1. d4 Nf6 2. Nf3 c5 3. g3 cxd4 4. Nxd4 d5 5. Bg2 e5 6. Nb3 Nc6 7. O-O h6 8. c4
dxc4 9. Bxc6+ bxc6 10. Qxd8+ Kxd8 11. Na5 Bh3 12. Rd1+ Kc7 13. Nxc4 Nd7 14. Bd2
f6 15. Ba5+ Nb6 16. Nbd2 Be7 17. Rac1 Rhd8 18. Rc3 Rd5 19. Rdc1 Kb7 20. Nb3 Na4
21. R3c2 Bf5 22. Rd2 Rxd2 23. Bxd2 c5 24. Nba5+ Kc7 25. b3 Nb6 26. Ne3 Be6 27.
f4 exf4 28. gxf4 Rd8 29. Bb4 Rc8 30. Ba3 Kd7 31. Kf2 f5 32. Nac4 g5 33. Ne5+
Ke8 34. Ng6 Bf6 35. Rxc5 Bd4 36. Rxc8+ Bxc8 37. Bc1 Kf7 38. Ne5+ Bxe5 39. fxe5
f4 40. Nc2 Bf5 41. Nd4 Bb1 42. a4 Ba2 43. e3 fxe3+ 44. Kxe3 Nd5+ 45. Ke4 Nb4
46. Be3 a6 47. h4 Bb1+ 48. Kf3 gxh4 49. Bxh6 Nc2 50. Nc6 Ke6 51. b4 Kd5 52. b5
axb5 53. axb5 Na3 54. Ne7+ Kxe5 55. Bg7+ Kd6 56. b6 Nc4 57. b7 Kc7 1/2-1/2

[Event "Ottawa op"]
[Site "Ottawa CAN"]
[Date "1997.09.27"]
[Round "3"]
[White "Duong, Thanh Nha"]
[Black "Pacey, Kevin"]
[Result "1-0"]
[WhiteElo "2336"]
[BlackElo "2276"]
[PlyCount "87"]
[EventDate "1997.09.27"]
[EventType "swiss"]
[EventRounds "5"]
[EventCountry "CAN"]

1. c4 e6 2. Nc3 d5 3. d4 Nf6 4. Bg5 Be7 5. e3 O-O 6. Nf3 Nbd7 7. Rc1 c6 8. Bd3
dxc4 9. Bxc4 Nd5 10. Bxe7 Qxe7 11. Ne4 N5f6 12. Ng3 Qb4+ 13. Qd2 Qxd2+ 14. Kxd2
c5 15. Rhd1 cxd4 16. Nxd4 Nb6 17. Bb3 Rd8 18. Ke1 Kf8 19. e4 Ke7 20. a4 a5 21.
Rc7+ Rd7 22. Rc5 Ne8 23. Bc2 Rc7 24. Rxc7+ Nxc7 25. b3 Bd7 26. Bd3 Rc8 27. Rc1
g6 28. Rc5 Kd6 29. Rxa5 e5 30. Nf3 f6 31. Ne2 Ne6 32. Nd2 Rc5 33. Ra7 Kc7 34.
b4 Rc6 35. a5 Nc8 36. Ra8 Rd6 37. Bc4 b5 38. axb6+ Nxb6 39. Rh8 Rxd2 40. Bxe6
Rxe2+ 41. Kxe2 Bxe6 42. Rxh7+ Kd6 43. h4 f5 44. Rg7 1-0

[Event "Ottawa op"]
[Site "Ottawa CAN"]
[Date "1997.09.28"]
[Round "5"]
[White "Hergott, Deen"]
[Black "Duong, Thanh Nha"]
[Result "1-0"]
[WhiteElo "2460"]
[BlackElo "2336"]
[PlyCount "57"]
[EventDate "1997.09.27"]
[EventType "swiss"]
[EventRounds "5"]
[EventCountry "CAN"]

1. d4 Nf6 2. Nf3 g6 3. c4 Bg7 4. Nc3 d5 5. cxd5 Nxd5 6. Qb3 Nb6 7. Bg5 h6 8.
Bh4 O-O 9. Rd1 Be6 10. d5 Bf5 11. Nd4 Bxd4 12. Rxd4 g5 13. e4 e5 14. Rd2 Bg6
15. Bg3 N8d7 16. f3 Kg7 17. Bb5 f6 18. Bf2 Bf7 19. Qb4 a5 20. Qa3 c6 21. Be2
Qc7 22. O-O Rfd8 23. Rfd1 Nc8 24. dxc6 bxc6 25. Na4 h5 26. Nc5 Ncb6 27. Nxd7
Rxd7 28. Rxd7 Nxd7 29. Qe7 1-0

[Event "Quebec op"]
[Site "Montreal CAN"]
[Date "1997.07.26"]
[Round "1"]
[White "Nogueiras, Jesus"]
[Black "Duong, Thanh Nha"]
[Result "1-0"]
[WhiteElo "2535"]
[BlackElo "2313"]
[PlyCount "73"]
[EventDate "1997.07.26"]
[EventType "swiss"]
[EventRounds "9"]
[EventCountry "CAN"]
[Source "ChessBase"]
[SourceDate "1997.11.17"]

1. c4 Nf6 2. Nc3 e5 3. Nf3 Nc6 4. e3 Bb4 5. Nd5 Ba5 6. a3 d6 7. b4 Bb6 8. Nxb6
axb6 9. Bb2 O-O 10. Be2 Bf5 11. O-O h6 12. d4 e4 13. Nd2 Qe7 14. Qb3 Rfe8 15.
Rfe1 Nb8 16. Nf1 Nbd7 17. a4 h5 18. Qc3 h4 19. h3 Kh7 20. a5 Rab8 21. axb6 Nxb6
22. Ra5 Qd7 23. Rea1 c6 24. Nd2 Rg8 25. b5 d5 26. bxc6 bxc6 27. Ra7 Qe6 28. Ba3
Nc8 29. Ra6 Rb6 30. Bc5 Rxa6 31. Rxa6 Qd7 32. cxd5 cxd5 33. Qb4 Be6 34. Qb5 Qc7
35. Qa5 Qb7 36. Bb4 Nd7 37. Nb3 1-0

[Event "Quebec op"]
[Site "Montreal CAN"]
[Date "1997.07.27"]
[Round "2"]
[White "Duong, Thanh Nha"]
[Black "Gladu, Pierre"]
[Result "1-0"]
[WhiteElo "2313"]
[BlackElo "2099"]
[PlyCount "82"]
[EventDate "1997.07.26"]
[EventType "swiss"]
[EventRounds "9"]
[EventCountry "CAN"]
[Source "ChessBase"]
[SourceDate "1997.11.17"]

1. Nf3 Nf6 2. c4 g6 3. b3 Bg7 4. Bb2 O-O 5. g3 b6 6. Bg2 Bb7 7. O-O c5 8. d4
cxd4 9. Qxd4 Nc6 10. Qd3 d5 11. cxd5 Qxd5 12. Qxd5 Nxd5 13. Bxg7 Kxg7 14. e4
Ndb4 15. Nc3 Rfd8 16. a3 Nc2 17. Ra2 N2d4 18. Nxd4 Nxd4 19. b4 Rac8 20. Nd5 e6
21. Ne3 Nb5 22. Raa1 Nc3 23. e5 Bxg2 24. Kxg2 b5 25. Rac1 Ne4 26. Rxc8 Rxc8 27.
Rd1 Rc7 28. Kf3 f5 29. exf6+ Nxf6 30. Rd6 Kf7 31. Kf4 Ke7 32. Ra6 Nd7 33. Ra5
Rb7 34. Ng4 Kd6 35. Ra6+ Nb6 36. Ke4 Rc7 37. Ne5 Rc2 38. f4 Re2+ 39. Kd3 Rxh2
40. Rxa7 Kd5 41. Rb7 Nc4 1-0